Central Library OPAC University of Rajshahi

Manual of the rusts in United States and Canada / (Record no. 72842)

MARC details
000 -LEADER
fixed length control field 00825nam a2200253 a 4500
001 - CONTROL NUMBER
control field 72842
003 - CONTROL NUMBER IDENTIFIER
rucl marc code BD-RjUL
005 - DATE AND TIME OF LATEST TRANSACTION
control field 20211209082321.0
008 - FIXED-LENGTH DATA ELEMENTS--GENERAL INFORMATION
fixed length control field 170524r19621934nyuab b 001 0 eng d
035 ## - SYSTEM CONTROL NUMBER
System control number (BD-RjUL)73060
040 ## - CATALOGING SOURCE
Original cataloging agency DLC
Transcribing agency OAkU
Modifying agency BD-RjUL
Language of cataloging eng
041 ## - LANGUAGE CODE
Language code of text/sound track or separate title eng
082 ## - DEWEY DECIMAL CLASSIFICATION NUMBER
Edition number 23
Classification number 579.5
Author mark and year ARM 1962
100 1# - MAIN ENTRY--PERSONAL NAME
Personal name Arthur, Joseph Charles,
Dates associated with a name 1850-1942.
9 (RLIN) 215446
245 10 - TITLE STATEMENT
Title Manual of the rusts in United States and Canada /
Statement of responsibility, etc. Joseph Charles Arthur ; Illus. and a new suppl. by George B. Cummins
260 ## - PUBLICATION, DISTRIBUTION, ETC. (IMPRINT)
Place of publication, distribution, etc. New York :
Name of publisher, distributor, etc. Hafner Pub. Co.,
Date of publication, distribution, etc. 1962.
300 ## - PHYSICAL DESCRIPTION
Pagination xv, 438 p. :
Illustrations ill. ;
Size 24 cm.
504 ## - BIBLIOGRAPHY, ETC. NOTE
Bibliography, etc Includes bibliography and indexes.
650 #0 - SUBJECT ADDED ENTRY--TOPICAL TERM
Topical term or geographic name as entry element Fungi.
9 (RLIN) 215447
Topical term or geographic name as entry element Fungi
Geographic subdivision North America.
9 (RLIN) 214731
700 ## - ADDED ENTRY--PERSONAL NAME
Personal name Cummins, George B.
942 ## - ADDED ENTRY ELEMENTS (KOHA)
Source of classification or shelving scheme Dewey Decimal Classification
Koha item type Books
Holdings
Lost status Source of classification or shelving scheme Damaged status Not for loan Collection code Permanent Location Current Location Shelving location Date acquired Source of acquisition Total Checkouts Full call number Date last seen Copy number Koha item type
  Dewey Decimal Classification   Not For Loan Non-fiction Central Library, University of Rajshahi Central Library, University of Rajshahi Reading Room 01/04/1968 Zeitlinger   579.5 ARM 1962 24/05/2017 C-1 Books